000 00681nam a2200289Ia 4500
005 20260324135301.0
008 008 260324s9999 xx 000 0 eng d
020 _a9780429082344
037 _aEBOOK
040 _aCRL
040 _beng
040 _cCRL
041 _2eng
041 _aeng
084 _qCRL
100 _aJohn Swanke
_91200027
245 0 _aCOM Programming by Example
245 0 _bUsing MFC, ActiveX, ATL, ADO, and COM+
260 _bTaylor and Francis
260 _c2000
365 _a
365 _b385
856 _uhttp://www.taylorfrancis.com/books/9780429082344
942 _cEBOOK
999 _c1800926
_d1800926